MARC details
| 000 -LEADER |
| fixed length control field |
02125cim a2200505Ia 4500 |
| 001 - CONTROL NUMBER |
| control field |
271191472 |
| 003 - CONTROL NUMBER IDENTIFIER |
| control field |
OCoLC |
| 005 - DATE AND TIME OF LATEST TRANSACTION |
| control field |
20250228075009.0 |
| 007 - PHYSICAL DESCRIPTION FIXED FIELD--GENERAL INFORMATION |
| fixed length control field |
sd fsngnnmmneu |
| 008 - FIXED-LENGTH DATA ELEMENTS--GENERAL INFORMATION |
| fixed length control field |
081112s2009 mdunnn f eng d |
| 020 ## - INTERNATIONAL STANDARD BOOK NUMBER |
| International Standard Book Number |
9781415961070 : |
| Terms of availability |
$120.00 |
| 020 ## - INTERNATIONAL STANDARD BOOK NUMBER |
| International Standard Book Number |
1415961077 : |
| Terms of availability |
$120.00 |
| 028 02 - PUBLISHER NUMBER |
| Publisher number |
7913-CD |
| Source |
Books on Tape |
| 035 ## - SYSTEM CONTROL NUMBER |
| System control number |
(OCoLC)271191472 |
| 037 ## - SOURCE OF ACQUISITION |
| Source of stock number/acquisition |
Books on Tape |
| Note |
http://library.booksontape.com |
| 040 ## - CATALOGING SOURCE |
| Original cataloging agency |
TEFBT |
| Transcribing agency |
TEFBT |
| Modifying agency |
TEFBT |
| -- |
WIM |
| -- |
PFO |
| -- |
OCLCQ |
| -- |
SX@ |
| 043 ## - GEOGRAPHIC AREA CODE |
| Geographic area code |
n-us-ny |
| 049 ## - LOCAL HOLDINGS (OCLC) |
| Holding library |
SX@A |
| 082 04 - DEWEY DECIMAL CLASSIFICATION NUMBER |
| Classification number |
813/.54 |
| Edition number |
22 |
| 099 ## - LOCAL FREE-TEXT CALL NUMBER (OCLC) |
| Classification number |
Patterson, J. |
| 100 1# - MAIN ENTRY--PERSONAL NAME |
| Personal name |
Patterson, James, |
| Dates associated with a name |
1947- |
| 245 10 - TITLE STATEMENT |
| Title |
Run for your life |
| Medium |
[sound recording] : |
| Remainder of title |
[a novel] / |
| Statement of responsibility, etc. |
by James Patterson & Michael Ledwidge. |
| 250 ## - EDITION STATEMENT |
| Edition statement |
Library ed. |
| 260 ## - PUBLICATION, DISTRIBUTION, ETC. (IMPRINT) |
| Place of publication, distribution, etc. |
Westminster, Md. : |
| Name of publisher, distributor, etc. |
Books on Tape, |
| Date of publication, distribution, etc. |
p2009. |
| 300 ## - PHYSICAL DESCRIPTION |
| Extent |
6 sound discs (ca. 65 min. each) : |
| Other physical details |
digital ; |
| Dimensions |
4 3/4 in. |
| 490 1# - SERIES STATEMENT |
| Series statement |
A Michael Bennett novel ; |
| Volume/sequential designation |
2. |
| 500 ## - GENERAL NOTE |
| General note |
Subtitle from book and container. |
| 500 ## - GENERAL NOTE |
| General note |
Unabridged. |
| 500 ## - GENERAL NOTE |
| General note |
Books on Tape: 7913-CD. |
| 511 0# - PARTICIPANT OR PERFORMER NOTE |
| Participant or performer note |
Narrators: Bobby Cannavale and Dallas Roberts. |
| 520 ## - SUMMARY, ETC. |
| Summary, etc. |
A calculating killer who calls himself The Teacher is taking on New York City, slaughtering the powerful and the arrogant. Everyone is his potential student -- from the loudmouthed girl on her cell phone to the city's snooty upper crust. For some, it seems that the rich are finally getting what they deserve. For New York's elite, it is a call to terror. A secret pattern emerges in The Teacher's lessons, leaving Detective Michael Bennett just a few precious hours to save New York from the greatest disaster in its history. |
| 538 ## - SYSTEM DETAILS NOTE |
| System details note |
Compact discs. |
| 590 ## - LOCAL NOTE (RLIN) |
| Local note |
swfcd05/09. |
| 590 ## - LOCAL NOTE (RLIN) |
| Local note |
jla10/16. |
| 650 #0 - SUBJECT ADDED ENTRY--TOPICAL TERM |
| Topical term or geographic name as entry element |
Rich people |
| Form subdivision |
Fiction. |
| 650 #0 - SUBJECT ADDED ENTRY--TOPICAL TERM |
| Topical term or geographic name as entry element |
Serial murderers |
| Form subdivision |
Fiction. |
| 651 #0 - SUBJECT ADDED ENTRY--GEOGRAPHIC NAME |
| Geographic name |
New York (N.Y.) |
| Form subdivision |
Fiction. |
| 655 #7 - INDEX TERM--GENRE/FORM |
| Genre/form data or focus term |
Suspense fiction. |
| Source of term |
gsafd. |
| 700 1# - ADDED ENTRY--PERSONAL NAME |
| Personal name |
Ledwidge, Michael. |
| 700 1# - ADDED ENTRY--PERSONAL NAME |
| Personal name |
Cannavale, Bobby. |
| 700 1# - ADDED ENTRY--PERSONAL NAME |
| Personal name |
Roberts, Dallas. |
| 800 1# - SERIES ADDED ENTRY--PERSONAL NAME |
| Personal name |
Patterson, James, |
| Dates associated with a name |
1947- |
| Title of a work |
Michael Bennett novel ; |
| Volume/sequential designation |
2. |
| 907 ## - LOCAL DATA ELEMENT G, LDG (RLIN) |
| a |
.b14476563 |
| 942 ## - ADDED ENTRY ELEMENTS (KOHA) |
| Koha item type |
Libro/Book |